Urdu as spoken by Muhammadans in Tamil Nadu : A linguistic analysis (Record no. 22609)

MARC details
000 -LEADER
fixed length control field 00470nam a2200145Ia 4500
082 ## - DEWEY DECIMAL CLASSIFICATION NUMBER
Classification number TK.0206
100 ## - MAIN ENTRY--AUTHOR NAME
Personal name Khateep, Hamidulla
245 #0 - TITLE STATEMENT
Title Urdu as spoken by Muhammadans in Tamil Nadu : A linguistic analysis
260 ## - PUBLICATION, DISTRIBUTION, ETC. (IMPRINT)
Year of publication 1972
Name of publisher University of Bombay
300 ## - PHYSICAL DESCRIPTION
Number of Pages 342p.
650 ## - SUBJECT ADDED ENTRY--TOPICAL TERM
Topical Term URDU LANGUAGE - PROVINCIALISMS - TAMIL NADU
650 ## - SUBJECT ADDED ENTRY--TOPICAL TERM
Topical Term ANALYSIS, LINGUISTIC (LINGUISTICS)//LINGUISTIC ANALYSIS (LINGUISTICS)
710 ## - ADDED ENTRY--CORPORATE NAME
Corporate name or jurisdiction name as entry element Gajendragadkar, S.N.
942 ## - ADDED ENTRY ELEMENTS (KOHA)
Koha item type Thesis
Source of classification or shelving scheme Dewey Decimal Classification
Holdings
Withdrawn status Lost status Damaged status Not for loan Home library Current library Date acquired Full call number Accession Number Price effective from Koha item type
        NASSDOC Library NASSDOC Library 08/10/2004 TK.0206 5693 18/04/2019 Thesis